Vista normal Vista MARC

Entrada Topical Term

Número de registros utilizados en: 1

001 - CONTROL NUMBER

  • control field: 14239

003 - CONTROL NUMBER IDENTIFIER

  • control field: OSt

005 - DATE AND TIME OF LATEST TRANSACTION

  • control field: 20210302125337.0

008 - FIXED-LENGTH DATA ELEMENTS

  • fixed length control field: 210302|| aca||aabn | a|a d

040 ## - CATALOGING SOURCE

  • Original cataloging agency: OSt
  • Transcribing agency: OSt

150 ## - HEADING--TOPICAL TERM

  • Topical term or geographic name entry element: Ley 546 de 1999

670 ## - SOURCE DATA FOUND

  • Source citation: Work cat.: (OSt): López Blanco, Hernán Fabio, autor 14238, La Ley de vivienda (546 de 1999) y sus implicaciones en el campo procesal civil / , 2001